Learning Russian /

Gorde:
Xehetasun bibliografikoak
Egile nagusia: Potapova, Nina (autor)
Formatua: Liburua
Hizkuntza:errusiera
Gaiak:
Etiketak: Etiketa erantsi
Etiketarik gabe, Izan zaitez lehena erregistro honi etiketa jartzen!

MARC

LEADER 00000nam^a2200000^a^4500
001 000181853
005 20250521000000.0
009 20260310101946.834
037 |a Acervo ITESO - Biblioteca 
041 |a RUS 
082 |a 491. 75  |b POT 
100 |a Potapova, Nina  |e (autor) 
245 1 0 |a Learning Russian /  |c N. Potapova. 
264 |a Moscú, Rusia :  |b Progress Publishers,  |c fecha no identificada 
300 |a 4 v. (207, 170, 157, 149 p.) 
336 |a texto  |b txt  |2 rdacontenido 
337 |a sin mediación  |b n  |2 rdamedio 
338 |a volumen  |b nc  |2 rdasoporte 
546 |a Edición bilingüe inglés-ruso 
649 |a XX 
650 |a Ruso -  |x Estudio y Enseñanza 
650 |a Ruso -  |x Composición y Ejercicios 
650 |a Gramática 
650 |a Lenguas Eslavas (Región Oriental) -  |x Estudio y Enseñanza 
650 |a Lenguas Baltoeslavas -  |x Estudio y Enseñanza 
650 |a Lenguas Indo-Europeas -  |x Estudio y Enseñanza 
650 |a Lenguaje y Lenguas 
650 |a Lingüística 
910 |a Fondo General 
920 |a Impresos - Libros 
930 |a Colección General 
905 |a 101 
901 |a 0500121558  |b IT1  |c ACC  |u 20250521 
901 |a 0500121559  |b IT1  |c ACC  |u 20250521 
901 |a 0500121556  |b IT1  |c ACC  |u 20250521 
901 |a 0500121553  |b IT1  |c ACC  |u 20250521 
902 |a https://opac.biblio.iteso.mx/vufind/Record/000181853